000 00909nam a22002297a 4500
999 _c65612
_d65612
005 20240530110834.0
008 191014s2008 ua a f 000 0 ara d
017 _a2008/17538
_bمصر. دار الكتب
020 _a9774378776
040 _aEG-CaGPL
_cEG-CaGPL
082 0 4 _221
_a330.9620624
_bق/ا ت
100 0 _aالسعيد ابراهيم البدوى
245 1 2 _aالتكامل المصرى السودانى /
_cالسعيد ابراهيم البدوى
250 _aط.1
260 _aالقاهرة :
_bالمجلس الاعلى للثقافة،
_c2008
300 _a344 ص. :
_bايض. ؛
_c24 سم.
650 0 7 _2qrmak
_aالاحوال الاقتصادية
_zمصر
651 0 7 _2qrmak
_aالسودان
_xالعلاقات الخارجية
_zمصر
653 _aالتكامل الصحى بين مصر والسودان
942 _2ddc
_cBK